Normal view
MARC view
- Statsky, William P.
Entry Personal Name
001 - CONTROL NUMBER
- control field: 54386
003 - CONTROL NUMBER IDENTIFIER
- control field: OSt
005 - DATE AND TIME OF LATEST TRANSACTION
- control field: 20240312111132.0
008 - FIXED-LENGTH DATA ELEMENTS
- fixed length control field: 240312|| aca||aabn | a|a d
040 ## - CATALOGING SOURCE
- Original cataloging agency: OSt
- Transcribing agency: OSt
100 ## - HEADING--PERSONAL NAME
- Personal name: Statsky, William P.
670 ## - SOURCE DATA FOUND
- Source citation: Work cat.: (OSt): Statsky, William P., Paralegal employment :, ©1988.
